[Event "Aeroflot Open 2017"]
[Site "Moscow"]
[Date "2017.02.21"]
[Round "1"]
[White "Harutyunian, Tigran K"]
[Black "Alekseev, Evgeny"]
[Result "1/2-1/2"]
[WhiteElo "2515"]
[BlackElo "2632"]
[Annotator "TA"]
[PlyCount "69"]
[EventDate "2017.??.??"]

1. Nf3 c5 2. c4 Nc6 3. Nc3 g6 4. e3 Nf6 5. d4 cxd4 6. exd4 d5 7. cxd5 Nxd5 8.
Qb3 e6 9. Bb5 Bg7 10. O-O O-O 11. Bxc6 bxc6 12. Na4 Qd6 13. Re1 Rb8 14. Qc2 Nb4
15. Qc3 Nd5 16. Qc2 Nb4 17. Qc3 Nd5 {LiveBook: 3 Games} 18. Qd2 c5 19. Nxc5 ({
Much worse is} 19. dxc5 Qc7 20. Nc3 Nxc3 21. bxc3 Qxc5 $17) 19... Bb7 {White
is slightly better.} 20. b3 Ba8 21. Ne5 Rfd8 22. Bb2 Ne7 23. Qf4 Nf5 $1 24. Ne4
Qe7 25. Rad1 Rbc8 26. g4 Nh4 27. Rc1 (27. g5 $15 Bxe5 28. Qxh4 (28. dxe5 Bxe4
29. Qxh4 Bd5 $15)) 27... f6 (27... h6 $17 {Strongly threatening ...Rxc1.} 28.
f3 Rxc1 29. Rxc1 Bxe4 30. Qxe4 Bxe5 31. dxe5 g5) 28. Rxc8 Rxc8 29. Nc4 $1 f5
30. g5 $1 {The position is equal.} Bxe4 31. Qxh4 h6 32. Ba3 $36 {White is
pushing.} ({But not} 32. Rxe4 hxg5 33. Rxe6 Qxe6 34. Qxg5 Qe1+ 35. Kg2 Qe4+ 36.
Kh3 Qf3+ 37. Qg3 Qxg3+ 38. hxg3 Rd8 $17) 32... Qxg5+ 33. Qxg5 hxg5 34. Nd6 Rc2
{[#] Threatens to win with ...Bf3.} 35. Nxe4 1/2-1/2

[Event "Aeroflot Open 2017"]
[Site "Moscow"]
[Date "2017.02.21"]
[Round "1"]
[White "Tabatabaei, M amin"]
[Black "Goganov, Aleksey"]
[Result "1/2-1/2"]
[WhiteElo "2507"]
[BlackElo "2632"]
[Annotator "TA"]
[PlyCount "63"]
[EventDate "2017.??.??"]

1. d4 Nf6 2. c4 e6 3. Nc3 d5 4. cxd5 exd5 5. Bg5 c6 6. e3 Be7 7. Qc2 Nbd7 8.
Nf3 Nf8 9. Bd3 Ne6 10. Bh4 g6 11. O-O O-O 12. Rab1 a5 13. a3 Ng7 14. b4 axb4
15. axb4 Bf5 16. Bxf5 Nxf5 17. Bxf6 Bxf6 18. b5 Nd6 {LiveBook: 3 Games} 19.
bxc6 bxc6 20. Nd2 Ra3 21. Ra1 Rxa1 22. Rxa1 c5 23. dxc5 (23. Nxd5 $11 cxd4 24.
Rd1) 23... Nb5 $1 $17 24. Ndb1 {[#]} Nxc3 (24... Qb8 $1 $17 25. f4 d4) 25. Nxc3
$11 {And now Rd1 would win.} d4 26. exd4 Qxd4 {The position is equal.} 27. Rc1
Qxc5 {Threatens to win with ...Rd8.} 28. Ne4 Qxc2 {[#]} 29. Nxf6+ Kg7 30. Rxc2
{aiming for Rc6.} Kxf6 31. g3 h5 32. h4 1/2-1/2

[Event "Aeroflot Open 2017"]
[Site "Moscow"]
[Date "2017.02.21"]
[Round "1"]
[White "Tran, Tuan Minh"]
[Black "Sethuraman, S P."]
[Result "0-1"]
[WhiteElo "2491"]
[BlackElo "2623"]
[Annotator "TA"]
[PlyCount "90"]
[EventDate "2017.??.??"]

1. Nf3 d6 2. d4 g6 3. Bf4 {??.} Bg7 4. e3 Nd7 5. Bc4 e5 6. Bg5 Ngf6 7. dxe5
dxe5 (7... Nxe5 $6 8. Nxe5 dxe5 9. Qxd8+ Kxd8 10. Bxf7 $16) 8. Nc3 h6 9. Bxf6
Qxf6 (9... Bxf6 10. O-O $14) 10. Nd2 O-O 11. O-O Qh4 12. Qe2 Nc5 13. Nb3 Ne6
14. Bxe6 Bxe6 (14... fxe6 $6 15. Nd2 $14) 15. Qb5 b6 16. Rfd1 Rfd8 17. Nd5 Rac8
18. Qc6 Rd6 19. Qb7 a5 {And now ...a4 would win.} 20. e4 (20. Nxc7 $2 Rxd1+ 21.
Rxd1 Qe7 22. Qxb6 Qxc7 23. Qxc7 Rxc7 $19) 20... a4 {[#] Hoping for ...Rcd8.}
21. Nd2 (21. Nxc7 $2 Rxd1+ 22. Rxd1 Qe7 $19) 21... Kh8 22. Nc4 Rdd8 ({But not} 
22... Qxe4 23. Nxd6 cxd6 24. c3 $14) 23. Nde3 Rd4 24. Nd2 Qe7 25. c3 Rdd8 26.
Qc6 ({White should play} 26. Ndc4 $1 $11) 26... a3 27. b3 Rd6 $36 {Black
fights for an advantage.} 28. Qa4 Bf8 29. Ndc4 Rxd1+ 30. Rxd1 Rd8 $1 31. Rxd8 (
{Don't capture} 31. Nxe5 $2 Rxd1+ 32. Nxd1 Qd6 $19) 31... Qxd8 32. h3 (32. Nxe5
Bc5 33. Nf1 Qd1 34. Qe8+ Kg7 $19) 32... Qd3 {[#] Strongly threatening ...Qb1+.}
33. Nxa3 Qxc3 34. Nac2 Bc5 (34... Bd6 $17 35. Kh2 Kg7) 35. Qc6 $11 Qd3 36. b4
Bd6 37. a4 Qd2 38. a5 bxa5 39. Qa8+ $2 (39. Nf1 $11 Qd3 40. bxa5) 39... Kg7 $19
40. bxa5 {intending a6.} Bb3 41. a6 (41. Qc6 {was worth a try.}) 41... Bxc2 42.
Qc6 $2 (42. Qd5 Qc1+ 43. Kh2) 42... Qe1+ 43. Kh2 Qxf2 44. Nxc2 Bc5 45. Qxc7
Qf4+ 0-1

[Event "Aeroflot Open 2017"]
[Site "Moscow"]
[Date "2017.02.21"]
[Round "1"]
[White "Puranik, Abhimanyu"]
[Black "Vavulin, Maksim"]
[Result "0-1"]
[WhiteElo "2481"]
[BlackElo "2604"]
[Annotator "TA"]
[PlyCount "96"]
[EventDate "2017.??.??"]

1. e4 e5 2. Nf3 Nc6 3. Bb5 a6 4. Ba4 d6 5. O-O Bd7 6. d4 exd4 7. Nxd4 b5 8.
Nxc6 Bxc6 9. Bb3 Nf6 10. c4 Be7 11. Nc3 O-O 12. Re1 Nd7 {LiveBook: 6 Games} 13.
Bf4 Bf6 14. Qc2 b4 {The position is equal.} 15. Nd5 a5 {White must now prevent
...a4.} 16. Qd2 {[#]} (16. c5 $11 Nxc5 17. e5) 16... Re8 (16... Bxd5 $1 $17 17.
cxd5 a4) 17. Bd1 Nc5 18. Bf3 (18. f3 $11) 18... Bxd5 $15 19. cxd5 a4 $36 {
And now ...a3 would win. Black fights for an advantage.} 20. Rac1 (20. e5 $15
dxe5 21. Be3) 20... a3 $17 21. bxa3 (21. b3 $17 {was necessary.}) 21... Bc3 $1
$19 ({Reject} 21... Rxa3 $6 22. Qxb4 Rxa2 23. Qc4 $11) (21... bxa3 22. e5 dxe5
23. d6 $14 (23. Rxc5 exf4 24. Rxe8+ Qxe8 $11)) 22. Rxc3 bxc3 23. Qxc3 Ra4 (
23... Qf6 $142 24. Qxf6 gxf6) 24. Qc2 Qa8 25. Be3 Rxa3 ({Much less strong is} 
25... Nxe4 26. Rb1 $17 (26. Qxc7 Rxa3 27. Qd7 Qb8 28. Bxe4 Rxe4 $17)) 26. Re2
Qa5 27. Bd2 (27. Qb1 {keeps fighting.}) 27... Qb5 {Threatens to win with ...
Rxf3!} 28. Bc1 Ra4 {Black has a decisive advantage.} 29. h3 Rc4 30. Qd1 Qb1 31.
Re1 Qxa2 32. Be3 Nxe4 33. Qd3 Nc5 34. Qf5 Qc2 35. Qxc2 Rxc2 36. Ra1 h6 37. Ra7
Re7 38. Bg4 Rc4 39. Ra8+ Kh7 40. Be2 Rc3 41. Bb5 Rexe3 42. fxe3 Rxe3 {Endgame
KRB-KRN} 43. Rf8 Kg6 44. Kf2 Re5 45. Be8 Nd3+ 46. Kf3 Re7 47. Bb5 Nb4 48. Bc4
Re5 0-1

[Event "Aeroflot Open 2017"]
[Site "Moscow"]
[Date "2017.02.22"]
[Round "2"]
[White "Vitiugov, Nikita"]
[Black "Predke, Alexandr"]
[Result "1/2-1/2"]
[WhiteElo "2724"]
[BlackElo "2573"]
[Annotator "TA"]
[PlyCount "96"]
[EventDate "2017.??.??"]

1. e4 c5 2. Nf3 d6 3. d4 {??.} cxd4 4. Nxd4 Nf6 5. Nc3 Nc6 6. Bg5 e6 7. Qd2 Be7
8. O-O-O Nxd4 9. Qxd4 O-O 10. f4 Qa5 11. e5 dxe5 12. Qxe5 ({Much worse is} 12.
fxe5 Rd8 13. Qf4 Rxd1+ 14. Kxd1 Nd5 15. Nxd5 Qxd5+ 16. Kc1 Bxg5 17. Qxg5 Bd7
$15) 12... Qxe5 13. fxe5 Nd5 $1 14. Bxe7 Nxe7 15. Bd3 b6 16. Be4 Rb8 17. Nb5
Bb7 18. Rhe1 a6 19. Nc7 a5 20. Rd7 Ng6 21. Nb5 Bc8 22. Rd6 Nxe5 23. Bxh7+ Kxh7
24. Rxe5 Ba6 25. a4 Rfd8 26. b3 Rxd6 27. Nxd6 $11 {Endgame KRB-KRN} Kg8 28. Re3
Kf8 29. g3 Rd8 30. Ne4 Ke7 31. Ng5 Bb7 32. h4 Rd6 33. Nh3 f6 34. Nf4 e5 35. Nd3
Bc8 36. Nf2 Rd4 37. Rc3 Bd7 38. Rc7 f5 39. Nd3 Kf6 40. Nb2 f4 41. gxf4 $1 exf4
{And now ...f3 would win.} 42. Nd3 Kf5 43. Kd2 Kg4 {Hoping for ...Kg3.} 44. Kc3
Rd5 {[#] Strongly threatening ...f3.} 45. Rc4 $1 {The position is equal.} Rf5
46. Rc7 Rd5 {...f3 is the strong threat.} 47. Rc4 $1 Rf5 48. Rc7 Rd5 1/2-1/2

[Event "Aeroflot Open 2017"]
[Site "Moscow"]
[Date "2017.02.22"]
[Round "2"]
[White "Jobava, Baadur"]
[Black "Maghsoodloo, Parham"]
[Result "1/2-1/2"]
[WhiteElo "2701"]
[BlackElo "2575"]
[Annotator "TA"]
[PlyCount "98"]
[EventDate "2017.??.??"]

1. d4 Nf6 2. Bg5 e6 3. Nd2 {??.} c5 4. e3 cxd4 5. exd4 Be7 6. Bd3 b6 7. Qf3 Nc6
8. c3 Bb7 9. Qg3 Nh5 10. Bxe7 Nxe7 11. Qg4 Ng6 12. Ne4 {[#] aiming for Nd6+.}
Bxe4 ({Black should try} 12... Nhf4 $15 13. Nd6+ Ke7 14. Nxb7 Nxd3+ 15. Kd2
Nxf2) 13. Qxe4 $11 Nhf4 14. Bf1 O-O 15. Nf3 Qc7 16. g3 Nd5 17. Bd3 Rfe8 18. O-O
d6 19. Rfe1 Nf6 20. Qe2 Re7 21. Qc2 e5 22. Re3 Rae8 23. Rae1 exd4 24. Rxe7 Rxe7
25. Rxe7 Nxe7 26. Nxd4 Nc6 27. Nxc6 Qxc6 28. Qe2 Kf8 29. Bc2 g6 30. Bb3 Qc5 31.
Qf3 Kg7 32. Kg2 Qe5 33. Qd3 Kf8 34. Bd1 Kg7 35. Bf3 d5 36. Qa6 g5 37. h3 ({
But not} 37. Qxa7 g4 38. Bxg4 Nxg4 39. Qxb6 Qe4+ 40. Kh3 f6 $17) 37... Qe7 38.
Qa4 h6 39. Qd4 Qe6 40. a4 Kf8 41. a5 Kg8 42. b3 Kg7 43. g4 Kg6 {The position
is equal.} 44. Qd3+ Kg7 45. Qa6 d4 46. cxd4 (46. Qxa7 Nd5 47. cxd4 Nf4+ 48. Kg3
Qe1 $19) 46... Nd5 47. Bxd5 ({Don't capture} 47. Qxa7 $2 Nf4+ 48. Kg3 Qe1 $19)
47... Qxd5+ 48. Kg1 Qxd4 ({Don't play} 48... Qxa5 49. Qxa5 bxa5 50. Kg2 $16)
49. Qxa7 Qd1+ 1/2-1/2

[Event "Aeroflot Open 2017"]
[Site "Moscow"]
[Date "2017.02.22"]
[Round "2"]
[White "Korobov, Anton"]
[Black "Schroeder, Jan-Christian"]
[Result "1-0"]
[WhiteElo "2691"]
[BlackElo "2543"]
[Annotator "TA"]
[PlyCount "83"]
[EventDate "2017.??.??"]

1. d4 d5 2. c4 e6 3. Nc3 {??.} Be7 4. Nf3 Nf6 5. Bg5 h6 6. Bxf6 Bxf6 7. Qc2
dxc4 8. e3 c5 9. dxc5 Qa5 10. Bxc4 Nd7 11. Rc1 Nxc5 12. O-O Bd7 13. Qb1 {
Threatens to win with b4.} Qb4 14. Be2 O-O 15. a3 Qb6 16. b4 Na4 17. Ne4 {
Rfd1 is the strong threat.} Rac8 18. Nxf6+ gxf6 19. Qd3 Rfd8 20. Rxc8 Bxc8 21.
Qb3 Bd7 $1 22. Rc1 Bb5 {[#]} (22... Qd6 $14) 23. Nd4 $1 $36 {Keeping Black
busy.} Bxe2 24. Nxe2 (24. Qxa4 Bh5 $11) 24... Qb5 25. Nf4 Kf8 26. h3 Ke7 (26...
Qd7 $142) 27. Qc2 f5 {[#]} 28. Qc7+ $1 Qd7 29. Qe5 f6 (29... Qd6 $16 30. Rc7+
Rd7 31. Rxd7+ Kxd7) 30. Ng6+ $18 Kf7 {White must now prevent ...Qd1+!} 31. Qg3
Rc8 32. Rxc8 Qxc8 33. Nf4 Nc3 (33... Qe8 $142 34. e4 fxe4 35. Qg6+ Ke7) 34.
Qg6+ Ke7 35. Qg7+ ({Weaker is} 35. Qxh6 Qg8 36. Qh5 a6 $18) 35... Kd6 36. Qxf6
Ne4 37. Qd4+ ({Don't take} 37. Qxh6 Qc1+ 38. Kh2 Qc8 $18) 37... Ke7 38. Ng6+ ({
But not} 38. Qxa7 Nd2 39. Ne2 Ne4 $18) 38... Kf7 39. Ne5+ Ke7 40. f3 Qc1+ (
40... Nf6 $142 41. Qxa7 Nd7) 41. Kh2 {Qd7+ would kill now.} Nd6 $2 (41... Nf6 {
was necessary.} 42. Nc4 Nd7) 42. Qh4+ 1-0

[Event "Aeroflot Open 2017"]
[Site "Moscow"]
[Date "2017.02.22"]
[Round "2"]
[White "Adhiban, B."]
[Black "Grigoriants, Sergey"]
[Result "1/2-1/2"]
[WhiteElo "2682"]
[BlackElo "2564"]
[Annotator "TA"]
[PlyCount "70"]
[EventDate "2017.??.??"]

1. d4 Nf6 2. c4 e6 3. Nf3 d5 4. Nc3 a6 5. cxd5 exd5 6. Bg5 Be6 7. e3 Nbd7 8.
Bd3 h6 9. Bh4 g5 10. Bg3 Nh5 11. Be5 Ng7 12. Bg3 Nh5 $1 {LiveBook: 10 Games}
13. e4 Nb6 14. Be5 (14. O-O $14) 14... Bg7 (14... f6 $11) 15. Bxg7 $14 Nxg7 16.
h4 g4 {[#] Hoping for ...dxe4.} 17. Ne5 h5 18. Qe2 O-O 19. O-O-O $36 {Keeping
Black busy.} Qf6 ({Better is} 19... Rc8) 20. Qd2 $16 c5 21. dxc5 d4 22. Qg5 ({
Not} 22. cxb6 $2 dxc3 23. Qxc3 Rac8 $19) 22... Qxg5+ 23. hxg5 Rac8 24. cxb6 {
aiming for Bxa6.} Rc5 25. Bc2 (25. Be2 $18) 25... dxc3 26. Nd7 cxb2+ 27. Kxb2
Rb5+ {[#]} 28. Bb3 $1 Rc8 29. Nf6+ Kf8 30. Nxh5 $2 ({White should play} 30. f4
$16) 30... Nxh5 $11 {The position is equal.} 31. Rxh5 Rc6 ({But not} 31... Rxb6
$6 32. f4 $16) 32. Rh8+ Kg7 33. Rdd8 Rxg5 34. Bxe6 Rxe6 35. Rhg8+ Kf6 1/2-1/2

[Event "Aeroflot Open 2017"]
[Site "Moscow"]
[Date "2017.02.22"]
[Round "2"]
[White "Sasikiran, Krishnan"]
[Black "Svane, Rasmus"]
[Result "1-0"]
[WhiteElo "2674"]
[BlackElo "2570"]
[Annotator "TA"]
[PlyCount "53"]
[EventDate "2017.??.??"]

1. e4 e6 2. d4 d5 3. Nc3 Nf6 4. e5 Nfd7 5. f4 c5 6. Nf3 Nc6 7. Be3 a6 8. Ne2 b5
9. c3 {LiveBook: 3 Games} b4 10. cxb4 cxd4 $1 11. Nexd4 {White has an edge.}
Bxb4+ 12. Kf2 Nxd4 13. Bxd4 O-O 14. g3 Bc5 15. Rc1 Qa5 16. a3 Bb7 17. b4 $36 {
White is in control.} Bxd4+ 18. Qxd4 Qa4 (18... Qxa3 $14 19. Rc7 Bc8) 19. Rc7
$18 Bc6 20. Bd3 {And now Rc1 would win.} Rfc8 21. Rxc8+ Rxc8 22. Rc1 $1 Nf8 {
[#]} ({But not} 22... Qxa3 $2 23. Ra1 Qb3 24. Nd2 (24. Rxa6 Nf8 $14) 24... Qxd3
25. Qxd3 $18) (22... Nb8 {might work better.} 23. Rc3 g6) 23. b5 $1 axb5 24.
Qxa4 bxa4 {[#]} 25. Ba6 $1 Bb7 $2 (25... Rb8 {is a better defense.} 26. Rxc6
Rb3) 26. Rxc8 Bxa6 27. Rb8 1-0

[Event "Aeroflot Open 2017"]
[Site "Moscow"]
[Date "2017.02.22"]
[Round "2"]
[White "Vidit, Santosh Gujrathi"]
[Black "Indjic, Aleksandar"]
[Result "0-1"]
[WhiteElo "2673"]
[BlackElo "2560"]
[Annotator "TA"]
[PlyCount "112"]
[EventDate "2017.??.??"]

1. d4 Nf6 2. c4 e6 3. Nf3 c5 4. d5 d6 5. Nc3 exd5 6. cxd5 g6 7. Nd2 Bg7 8. e4
O-O 9. Be2 Na6 10. O-O Nc7 11. a4 Re8 12. f3 b6 13. Kh1 Rb8 14. Nc4 Ba6 15. Bg5
Bxc4 16. Bxc4 a6 {LiveBook: 3 Games} 17. Qd2 b5 18. axb5 axb5 {White has an
edge.} 19. Be2 b4 20. Nd1 Nb5 21. Bxb5 Rxb5 22. Qf4 Nh5 23. Qc1 (23. Bxd8 Nxf4
24. Bc7 Nd3 25. Bxd6 Nxb2 26. Nxb2 Bxb2 $17) 23... Qc7 24. Ne3 {With the idea
Nc4.} h6 25. g4 Ng3+ 26. hxg3 {Strongly threatening Bf4.} hxg5 27. Nc4 Qe7 28.
Ra6 Be5 29. Kg2 b3 30. Qd2 Rb4 31. Rc1 Kg7 32. Rb6 Rxb6 33. Nxb6 f5 34. exf5 $2
(34. gxf5 $11 gxf5 35. Re1 (35. exf5 $2 Bd4 36. Rf1 Qe2+ 37. Rf2 Qxf2+ 38. Qxf2
Bxf2 39. Kxf2 Re5 $19)) 34... Bd4 $19 35. Kf1 Qe3 $1 36. Qxe3 Rxe3 {Endgame
KRB-KRN} ({Weaker is} 36... Bxe3 37. Re1 gxf5 38. gxf5 $16) 37. Nc4 Rxf3+ 38.
Ke2 Rxg3 39. Ra1 (39. Nxd6 $142 Rxg4 40. f6+ Kxf6 41. Nc4) 39... Rxg4 40. Ra7+
Kf6 41. fxg6 Kxg6 42. Ra6 {[#]} Bxb2 $1 43. Rxd6+ (43. Nxb2 Rg2+) 43... Kh5 44.
Nxb2 {KRN-KR} Rg2+ 45. Kd3 (45. Ke3 $142 Rxb2 46. Rb6) 45... Rxb2 {KR-KR} 46.
Kc3 Rb1 47. Rd8 Kg6 48. d6 Kf7 49. d7 {[#] Rf8+! is the strong threat.} Rd1 $1
50. Kxb3 Rd4 51. Kc3 {[#]} Kg7 $1 52. Kc2 Kh7 {Black mates.} 53. Kc3 g4 54. Rc8
Rxd7 55. Rxc5 Kh6 56. Kc2 g3 0-1

[Event "Aeroflot Open 2017"]
[Site "Moscow"]
[Date "2017.02.22"]
[Round "2"]
[White "Kamsky, Gata"]
[Black "Idani, Pouya"]
[Result "1-0"]
[WhiteElo "2669"]
[BlackElo "2563"]
[Annotator "TA"]
[PlyCount "65"]
[EventDate "2017.??.??"]

1. d4 Nf6 2. Nf3 d5 3. c4 e6 4. g3 Be7 5. Bg2 O-O 6. Qc2 c5 7. O-O cxd4 8. Nxd4
Qb6 9. Rd1 Nc6 10. Nxc6 Qxc6 {LiveBook: 7 Games} 11. b3 b5 12. Ba3 Bxa3 {
The position is equal.} 13. Nxa3 {next cxd5 is good for White.} bxc4 14. bxc4
Bb7 15. Rab1 Rab8 16. Qb2 Qc7 17. Nb5 Qc5 18. Nd4 Qc7 19. Qa3 $36 {White has
some pressure.} Qxc4 (19... dxc4 $2 20. Qxa7 Nd5 21. Bxd5 exd5 22. Rb5 $18) 20.
Qxa7 Qa6 21. Qb6 Qxa2 22. e3 Qa6 23. Qb4 Nd7 $2 {[#]} (23... Rfd8 $11) 24. Bf1
$18 Qa7 (24... Bc8 $142 25. Qxb8 Nxb8 26. Bxa6 Bxa6) 25. Qd6 Bc8 26. Nc6 Rxb1
27. Rxb1 ({But not} 27. Nxa7 $6 Rxd1 28. Nxc8 Rxc8 $18) 27... Qa4 {If Black
can now play ...Qc2 this consolidates a bit.} 28. Ne7+ Kh8 29. Rc1 Qa8 30. Rc7
({Less strong is} 30. Rxc8 Rxc8 31. Nxc8 Qxc8 $16) 30... Qb8 $2 {[#]} (30...
Re8 31. Nxc8 Rxc8 32. Rxd7 Kg8) 31. Nc6 ({Inferior is} 31. Rxd7 Bxd7 32. Qxd7
Rd8 $11) 31... Qb6 32. Rxd7 Rg8 33. Ne5 1-0

[Event "Aeroflot Open 2017"]
[Site "Moscow"]
[Date "2017.02.22"]
[Round "2"]
[White "Dubov, Daniil"]
[Black "Ramirez, Alejandro"]
[Result "1-0"]
[WhiteElo "2661"]
[BlackElo "2549"]
[Annotator "TA"]
[PlyCount "71"]
[EventDate "2017.??.??"]

1. d4 Nf6 2. c4 c5 3. d5 {??.} b5 4. cxb5 a6 5. Nc3 axb5 6. e4 b4 7. Nb5 {
Hoping for e5.} d6 ({Not} 7... Nxe4 $2 8. Qe2 $18) 8. a4 bxa3 (8... Nxe4 $15 9.
Bc4 Nf6) 9. Rxa3 $11 Rxa3 10. bxa3 e6 11. Qa4 {aiming for Nxd6+.} Qd7 $2 (11...
Bd7 $14) 12. dxe6 $18 fxe6 {[#]} 13. Nxd6+ $1 Ke7 (13... Bxd6 14. Bb5) 14.
Nxc8+ Qxc8 15. e5 Nd5 16. Nf3 Nc6 17. Qh4+ Kf7 18. Bc4 Be7 19. Qh3 Na5 20. Bd3
Nb3 21. Bg5 Qd8 {[#]} (21... h6 $142) 22. O-O $1 Bxg5 $2 (22... h6 {keeps
fighting.}) 23. Qh5+ g6 24. Nxg5+ Ke7 25. Qg4 Nc7 (25... Nd4 $142 26. Bc4 Qf8
27. Nxe6 Nxe6 28. Bxd5 Qf5 29. Bxe6 Qxe6 30. Qh4+ Kf8 31. Qd8+ Kg7 32. Qc7+ Qf7
33. Qxc5 Re8) 26. Qf3 Rf8 27. Qh3 h5 {If only Black now had time for ... Qd4...
.} 28. Bxg6 Nd2 29. Qh4 Kd7 (29... Qd4 $142 30. Qxd4 cxd4) 30. Qa4+ ({Less
strong is} 30. Qxh5 Nxf1 31. Kxf1 Qa8 $16) 30... Kc8 31. Ne4 Nxe4 32. Bxe4 Qd2
(32... Qd4 $142 33. Qc6 Rf4) 33. Qc6 {White is clearly winning.} Qd4 34. Bf3
Qxe5 35. Rd1 Qb2 36. Qxc5 1-0

[Event "Aeroflot Open 2017"]
[Site "Moscow"]
[Date "2017.02.22"]
[Round "2"]
[White "Fedoseev, Vladimir"]
[Black "Huzman, Alexander"]
[Result "1-0"]
[WhiteElo "2658"]
[BlackElo "2552"]
[Annotator "TA"]
[PlyCount "89"]
[EventDate "2017.??.??"]

1. d4 Nf6 2. c4 e6 3. Nf3 {??.} d5 4. Nc3 Be7 5. Bf4 O-O 6. e3 Nbd7 7. a3 c5 8.
cxd5 Nxd5 9. Nxd5 exd5 10. dxc5 Nxc5 11. Be2 Bf6 12. Be5 Bxe5 13. Nxe5 Qd6 14.
Nf3 Bg4 15. O-O Rfd8 16. Rc1 Ne6 17. Qb3 Qe7 18. h3 Bh5 19. Rfe1 Rd6 20. Rcd1
Rad8 21. Nd4 Bg6 22. Qb4 a6 23. Nb3 ({Better is} 23. Bf3 $14) 23... Qc7 $11 {
[#] Strongly threatening ...Rb6.} 24. Nd4 h6 25. Bg4 Qb6 26. Qxb6 Rxb6 27. b4
Rbd6 28. Rc1 Nxd4 29. exd4 h5 30. Bc8 b5 31. Rc7 Bd3 32. Re5 $36 {Keeping
Black busy.} g6 33. Re3 Bc4 34. h4 Rf6 35. g3 Kf8 36. f4 Rb6 37. Kf2 Re8 {[#]}
(37... Rf6 $142) 38. Re5 (38. Rxe8+ $142 $1 Kxe8 39. Ra7) 38... Rd6 39. Ke3 f6
$2 (39... Red8 $16) 40. Rxe8+ $18 Kxe8 41. f5 g5 42. Ra7 {White is clearly
winning.} gxh4 43. gxh4 Kd8 44. Be6 ({Less strong is} 44. Bxa6 Rd7 45. Rxd7+
Kxd7 $16) ({Not} 44. Rxa6 Rxa6 45. Bxa6 Kd7 $16) 44... Bb3 45. Rf7 1-0

[Event "Aeroflot Open 2017"]
[Site "Moscow"]
[Date "2017.02.22"]
[Round "2"]
[White "Cordova, Emilio"]
[Black "Kraemer, Martin"]
[Result "1/2-1/2"]
[WhiteElo "2655"]
[BlackElo "2571"]
[Annotator "TA"]
[PlyCount "134"]
[EventDate "2017.??.??"]

1. Nf3 d5 2. d4 Nf6 3. Bf4 c5 4. e3 Nc6 5. Nbd2 e6 6. c3 cxd4 7. exd4 Nh5 {
LiveBook: 11 Games} 8. Bg5 f6 9. Be3 Bd6 10. Nh4 g6 $1 11. Bh6 Qc7 12. g3 Ng7
13. Be2 O-O 14. O-O Bd7 15. Rc1 Rac8 16. Re1 Nd8 17. c4 Nf7 18. Bxg7 Kxg7 19.
c5 Be7 20. Bf3 f5 21. Ng2 Bf6 22. Nf4 Rfe8 23. Nb3 a5 24. Bg2 a4 25. Na1 Bg5
26. Qd2 b6 27. b4 {Hoping for c6!} bxc5 28. bxc5 Rb8 29. a3 Bxf4 30. gxf4 Nd8
31. Rc3 Nc6 32. Bf1 Qa5 33. Rec1 Rb7 34. Qe3 Reb8 35. Nc2 Qc7 36. Ne1 Rb3 37.
Nf3 h6 38. Be2 (38. h3 $16) 38... Rxc3 $11 39. Rxc3 Rb1+ $1 40. Kg2 Qb8 41. Bd3
Rb3 42. Bc2 Rxc3 43. Qxc3 Qxf4 44. Bxa4 Qe4 (44... Qg4+ $11 45. Kh1 Qe4) 45.
Bxc6 ({White should play} 45. h3 $14) 45... Bxc6 46. h3 g5 47. Kg1 Bb5 48. Ne5
Qb1+ $1 49. Kh2 {aiming for Qa5.} Qf1 50. Qf3 Be2 $1 51. Qg2 {Threatens to win
with Qxf1.} Qc1 52. Qg3 Bb5 {[#]} (52... Qb2 $11 53. c6 f4) 53. Qe3 (53. h4 $1
$16) 53... Qf1 (53... Qb2 $11) 54. f4 Kf6 $1 55. fxg5+ hxg5 56. h4 (56. Nf3 $16
) 56... f4 {The position is equal.} 57. hxg5+ Kxg5 58. Qg1+ Qxg1+ 59. Kxg1 {
Endgame And now Kg2 would win. KB-KN} Kf5 {[#]} 60. a4 $1 Bxa4 61. c6 {c7 is
the strong threat.} Bb5 {Black wants to play ...Ke4.} 62. c7 Ba6 {White should
prevent ...Ke4.} 63. Nd7 Bc8 64. Nb6 Ba6 {White must now prevent . ..Ke4.} 65.
Nd7 Bc8 66. Nb6 Ba6 {Strongly threatening ...Ke4.} 67. Nd7 Bc8 1/2-1/2

[Event "Aeroflot Open 2017"]
[Site "Moscow"]
[Date "2017.02.22"]
[Round "2"]
[White "Saric, Ivan"]
[Black "Xu, Yinglun"]
[Result "1/2-1/2"]
[WhiteElo "2648"]
[BlackElo "2540"]
[Annotator "TA"]
[PlyCount "98"]
[EventDate "2017.??.??"]

1. e4 c5 2. Nf3 d6 3. d4 cxd4 4. Nxd4 Nf6 5. Nc3 a6 6. Be3 e6 7. Be2 Be7 8. Qd2
O-O 9. O-O-O Qc7 10. g4 b5 {LiveBook: 3 Games} 11. g5 (11. a3 $14) 11... b4 $11
12. Nd5 Nxd5 {The position is equal.} 13. exd5 e5 (13... exd5 $6 14. Bf3 $16 (
14. Qxb4 Nc6 15. Qc3 Bd7 $16)) 14. Nf3 Qb7 15. h4 Bf5 16. Bd3 Bxd3 (16... Qxd5
$2 17. Bxf5 Qxa2 18. Qd3 $18) 17. Qxd3 Nd7 18. h5 Rac8 19. Kb1 Nc5 20. Qf5 a5
21. b3 (21. Nh4 $1 $14) 21... Qc7 (21... a4 $15) 22. Nd2 g6 23. hxg6 fxg6 24.
Qh3 Rf7 25. Rc1 Re8 26. Rcg1 Rc8 27. Nc4 {Rg4 is the strong threat.} Ne4 (27...
a4 $11 {remains equal.}) 28. Qe6 $36 {Keeping Black busy.} Rcf8 {[#]} 29. Rg4 (
{Better is} 29. Rh4 $1 Nc3+ 30. Kb2) 29... Nc3+ 30. Kb2 Qc8 {With the idea ...
Nxd5!} 31. Rgh4 {White wants to mate with Rxh7.} Qxe6 $1 32. dxe6 Rg7 33. a4
Rf5 (33... Ra8 $1 $14) 34. Nxa5 d5 (34... Bxg5 $2 35. Bxg5 Rxg5 36. Rxb4 $18)
35. Nc6 d4 36. Bc1 Bd6 {[#]} (36... Nd5 $142) 37. f4 $1 $18 exf4 {[#]} 38. Re1
$2 (38. Nxd4 Be5 39. e7 Rxe7 40. Nxf5 Nxa4+ 41. Kb1 Nc3+ 42. Kb2 Ne2+ 43. Kb1
gxf5 $17) (38. Bxf4 $1 $18 Rxf4 (38... Bxf4 39. e7) 39. e7) 38... Nd5 (38... f3
$1 $14) 39. a5 ({Don't play} 39. Nxd4 $6 Be5 40. Rxe5 Rxe5 $11) ({White should
play} 39. e7 $16 Nxe7 40. Nxe7+ (40. Nxd4 Be5 41. Rxe5 Rxe5 $15) 40... Bxe7 41.
Bxf4 (41. Rxf4 Bxg5 42. Rxf5 gxf5 $14)) 39... Rc7 40. Nxd4 Be5 41. Rxe5 Rxe5
42. Bxf4 Nxf4 43. Rxf4 {aiming for a6.} Rxg5 $15 {Endgame KRR-KRN} (43... Rc8
$1 $15) 44. a6 $11 {And now Re4 would win.} Rgc5 45. Re4 {Strongly threatening
e7.} Kf8 {[#]} 46. e7+ $1 Ke8 {Hoping for ...Ra5.} (46... Rxe7 47. Rxe7) 47. a7
(47. Re6 $1 $11) 47... Rc8 $1 $15 {Black is slightly better.} 48. Re6 $1 Ra5 $1
49. Nc6 $1 Rxc6 1/2-1/2

[Event "Aeroflot Open 2017"]
[Site "Moscow"]
[Date "2017.02.22"]
[Round "2"]
[White "Swiercz, Dariusz"]
[Black "Kovalevskaya, Ekaterina"]
[Result "1/2-1/2"]
[WhiteElo "2645"]
[BlackElo "2423"]
[Annotator "TA"]
[PlyCount "89"]
[EventDate "2017.??.??"]

1. d4 Nf6 2. Nf3 c5 3. d5 g6 4. Nc3 Bg7 5. e4 d6 6. Bb5+ Nfd7 7. a4 Na6 8. O-O
Nc7 9. Be2 O-O 10. Nd2 {LiveBook: 3 Games} Rb8 11. Nc4 b6 12. Bf4 (12. Nb5 $16)
12... Ba6 13. Ne3 Bxe2 14. Qxe2 a6 15. Nc4 f6 16. Bg3 Ne5 (16... f5 $11) 17.
Na3 (17. Ne3 $16) 17... Qd7 18. f4 Nf7 19. Nc4 b5 20. axb5 axb5 21. Ne3 $36 {
White fights for an advantage.} Ra8 22. Rxa8 Rxa8 23. f5 b4 24. fxg6 hxg6 25.
Ncd1 Nh6 26. h4 Rf8 ({Better is} 26... Nb5 $11) 27. Bf4 Nf7 28. h5 g5 29. Nf5
Nh6 30. Nxh6+ Bxh6 31. Bd2 f5 $1 32. Ne3 (32. exf5 $14 Rxf5 33. Ne3) 32... fxe4
$11 33. Rxf8+ Bxf8 34. Qc4 Qe8 35. g4 Qf7 36. Qxe4 Qf4 $1 37. Qg2 Qe5 38. c3
bxc3 39. bxc3 Bg7 40. Qf3 Bf6 41. Kg2 Qf4 42. c4 {[#] Qxf4 is the strong
threat.} Qd4 $1 {The position is equal.} 43. Bc1 Qc3 44. Qf1 Na8 45. Nf5
1/2-1/2